Piaget's construction of the child's reality
Αποθηκεύτηκε σε:
| Κύριος συγγραφέας: | |
|---|---|
| Μορφή: | Βιβλίο |
| Γλώσσα: | English |
| Δημοσίευση: |
Cambridge :
Cambridge University Press,
1987
|
| Θέματα: | |
| Ετικέτες: |
Προσθήκη ετικέτας
Δεν υπάρχουν, Καταχωρήστε ετικέτα πρώτοι!
|
MARC
| LEADER | 00000nam a2200000 i 4500 | ||
|---|---|---|---|
| 001 | 1/78989 | ||
| 008 | 990503s1987 eng d | ||
| 020 | |a 0-521-37967-9 | ||
| 035 | |l 10050278 | ||
| 040 | |a GR-MY-UA |b gre |e aacr | ||
| 041 | 0 | |a eng | |
| 082 | 0 | |a 155.4 | |
| 100 | 1 | |a Sugarman, Susan. | |
| 245 | 1 | 0 | |a Piaget's construction of the child's reality / |c Susan Sugarman |
| 260 | |a Cambridge : |b Cambridge University Press, |c 1987 | ||
| 300 | |a 258 p. | ||
| 600 | 1 | 0 | |a Piaget Jean |d 1896-1980. |
| 650 | 0 | 0 | |a Perception in children. |
| 650 | 0 | 0 | |a Reality |x Psychological aspects. |
| 650 | 0 | 0 | |a Child psychology. |
| 852 | |a INST |b RHODES |e 19990503 |h 155.4 SUG |p 005400011753 |q 005400011753 |t BK |y 0 | ||
| 901 | |a BIBL-1999-1 | ||
| 909 | |a Ρ |b 064755 |c 1999 | ||
| 922 | |a 4ΕΛΗ |b 199903 | ||